Najmniejsze państwa z medalem w igrzyskach olimpijskich w Paryżu - Statystyki

Ogólne statystyki
  • Ten quiz został rozwiązany 32 razy
  • Średni wynik to 9 z 20
Statystyki odpowiedzi
Liczba
Ludności
Złoto Srebro Brąz Razem Reprezentacja % Poprawnych
72412 1 0 0 1 Dominika
71%
2825544 1 3 2 6 Jamajka
71%
184100 1 1 0 2 Saint Lucia
68%
1586659 0 1 1 2 Kosowo
61%
124610 0 0 2 2 Grenada
54%
2857822 0 0 1 1 Katar
54%
2423300 0 1 3 4 Mołdawia
54%
893468 0 1 0 1 Fidżi
50%
2885891 0 2 2 4 Litwa
50%
2124709 2 1 0 3 Słowenia
50%
1577059 2 1 1 4 Bahrajn
46%
593149 0 0 1 1 Republika Zielonego Przylądka
46%
2402113 0 0 2 2 Albania
39%
3861967 2 2 3 7 Chorwacja
39%
3694600 3 3 1 7 Gruzja
36%
3015400 0 3 1 4 Armenia
29%
923272 0 1 0 1 Cypr
29%
3504741 0 1 0 1 Mongolia
14%
2417596 1 1 0 2 Botswana
7%
3205691 0 0 2 2 Portoryko
4%
Nie znaleziono quizów pasujących do podanych kryteriów
Rozkład punktacji
Procent ludzi z każdym wynikiem
Percentyl według liczby udzielonych odpowiedzi
Twoja historia wyników
Nie rozwiązałeś tego quizu